Normal view MARC view

Entry Nombre personal

Number of records used in: 2

001 - NÚMERO DE CONTROL

  • campo de control: 152681

003 - IDENTIFICADOR DE NÚMERO DE CONTROL

  • campo de control: SpMaBN

005 - FECHA Y HORA DE LA ÚLTIMA TRANSACCIÓN

  • campo de control: 20240126205332.0

008 - ELEMENTOS DE DATO DE LONGITUD-FIJA

  • campo de control de longitud fija: 990202n| aijnnaabn |n aaa

016 ## - NÚMERO DE CONTROL DE UNA AGENCIA BIBLIOGRÁFICA NACIONAL

  • Número de control del registro: BNE19995767779

024 7# - IDENTIFICADOR DE OTROS ESTÁNDARES

  • Número estándar o código: http://viaf.org/viaf/116548081/
  • Fuente: viaf

024 7# - IDENTIFICADOR DE OTROS ESTÁNDARES

  • Número estándar o código: https://isni.org/isni/0000000081854112
  • Fuente: isni

024 7# - IDENTIFICADOR DE OTROS ESTÁNDARES

  • Número estándar o código: http://www.wikidata.org/entity/Q947634
  • Fuente: wikidata

040 ## - FUENTE DE CATALOGACIÓN

  • Centro catalogador/agencia de origen: SpMaBN
  • Lengua de catalogación: spa
  • Centro/agencia transcriptor: SpMaBN
  • Normas de descripción: rdc
  • Convención/Normas de encabezamiento de materia/tesauro: embne

046 ## - FECHAS CON CODIFICACIÓN ESPECIAL

  • Fecha de nacimiento: 1964

100 1# - ENCABEZAMIENTO-NOMBRE DE PERSONA

  • Nombre de persona: Berti, Eduardo,
  • Fechas asociadas al nombre: 1964-

370 ## - LUGAR ASOCIADO

  • Lugar de nacimiento: Ciudad Autónoma de Buenos Aires, Argentina
  • Fuente del término: embne

370 ## - LUGAR ASOCIADO

  • País asociado: Francia
  • Fuente del término: embne

372 ## - CAMPO DE ACTIVIDAD

  • Campo de actividad: Novela
  • Campo de actividad: Cuento
  • Fuente del término: embne

373 ## - GRUPO ASOCIADO

  • Grupo asociado: Ouvroir de littérature potentielle
  • Fuente del término: abne

374 ## - OCUPACIÓN

  • Ocupación: Novelistas
  • Ocupación: Escritores
  • Ocupación: Traductores
  • Ocupación: Guionistas
  • Ocupación: Periodistas
  • Fuente del término: embne

375 ## - GÉNERO/SEXO

  • Género: Masculino

377 ## - IDIOMA ASOCIADO

  • Código del idioma: spa
  • Término de lengua/lenguaje: Español

670 ## - FUENTE DE DATOS ENCONTRADOS

  • Cita de la fuente: Agua, 1998
  • Información encontrada: port. (Eduardo Berti) solapa (n. 1964, en Buenos Aires)

670 ## - FUENTE DE DATOS ENCONTRADOS

  • Cita de la fuente: WWW Wikipedia, 23-06-2016
  • Información encontrada: (Eduardo Berti; n. 1964, Buenos Aires, Argentina; escritor y periodista)
  • Identificador Uniforme de Recursos: https://es.wikipedia.org/wiki/Eduardo_Berti

670 ## - FUENTE DE DATOS ENCONTRADOS

  • Cita de la fuente: WWW EduardoBerti, 23-06-2016
  • Información encontrada: (Eduardo Berti; n. 11-1964, Buenos Aires, Argentina; vive actualmente en Francia, es miembro desde 2014 de OuLiPo, el famoso Ouvroir de Littérature Potentielle)
  • Identificador Uniforme de Recursos: http://www.eduardoberti.com/